00771nam a22002057a 450000500170000001000150001702000260003203500140005803700090007208200140008110000230009524500570011825000060017526000400018127001070022130000210032894200280034999900190037795201690039620240805151547.0 aENG-141190 c699.00a9788196918835 aEN-124722 bDBAD a370.1521 aPrachiti J.96948800a100 cases in Counselling Psychology/cBy Prachiti J. a1 aMumbaibKabdwal Book International  aPlot No. 179, D/42, Raigad CHS, Sector 1, Charkop, Kandivali(W)bMumbaie400067morder@kabdwalbook.com a250p.c22cm(pbk) 2ddccENmPRAh370.15e1 c204844d204844 001040708NFICaBL1bBL1d2024-08-05eDelivery of Books Act Divisiong699.00l1oPRA 370.15pEN-124722r2024-11-12 00:00:00s2024-11-05t1v699.00w2024-08-05yEN